[Event "Osijek-ch op"]
[Site "Osijek"]
[Date "2014.02.21"]
[Round "4"]
[White "Sanic, Dura"]
[Black "Buric, Petar"]
[Result "0-1"]
[WhiteElo "1923"]
[BlackElo "2086"]
[PlyCount "68"]
[EventDate "2014.02.20"]
[EventType "swiss"]
[EventRounds "7"]
[EventCountry "CRO"]
[SourceTitle "CBM 159 Extra"]
[Source "ChessBase"]
[SourceDate "2014.04.24"]
[SourceVersion "1"]
[SourceVersionDate "2014.04.24"]
[SourceQuality "1"]

1. e4 e5 2. Nf3 Nc6 3. Bb5 Nf6 4. 0-0 Nxe4 5. Re1 Nd6 6. Bxc6 dxc6 7. Nxe5 Be7 8. d4 0-0 9. Bf4 Be6 10. Qe2 Bg5 11. Bg3 Nf5 12. c3 Nxg3 13. hxg3 Re8 14. Qd1 Bf6 15. Nd2 c5 16. Ndf3 cxd4 17. cxd4 Qd5 18. b3 Rad8 19. Rc1 Qa5 20. Qc2 c6 21. Rcd1 g6 22. Nc4 Qb4 23. Nfe5 Rxd4 24. a3 Rxd1 25. Rxd1 Qe7 26. f4 Qc5+ 27. Qf2 Qxf2+ 28. Kxf2 Bd5 29. Ng4 Be7 30. Re1 Bc5+ 31. Nge3 Kg7 32. b4 Bb6 33. Kf1 Be4 34. Nd2 Bxe3 0-1

[Event "Osijek-ch op"]
[Site "Osijek"]
[Date "2014.02.20"]
[Round "2"]
[White "Bubalovic, Davorin"]
[Black "Buric, Petar"]
[Result "1/2-1/2"]
[WhiteElo "2292"]
[BlackElo "2086"]
[PlyCount "120"]
[EventDate "2014.02.20"]
[EventType "swiss"]
[EventRounds "7"]
[EventCountry "CRO"]
[SourceTitle "CBM 159 Extra"]
[Source "ChessBase"]
[SourceDate "2014.04.24"]
[SourceVersion "1"]
[SourceVersionDate "2014.04.24"]
[SourceQuality "1"]

1. e4 e5 2. Nf3 Nc6 3. Bb5 Nf6 4. d3 Bc5 5. 0-0 d6 6. c3 Bd7 7. Nbd2 0-0 8. b4 Bb6 9. Nc4 Ne7 10. Nxb6 axb6 11. Bc4 Ng6 12. Re1 Ba4 13. Bb3 Bxb3 14. Qxb3 b5 15. c4 Qd7 16. cxb5 Qxb5 17. a4 Qd7 18. d4 exd4 19. Nxd4 Rfe8 20. Bb2 Nxe4 21. a5 c5 22. bxc5 Nxc5 23. Rxe8+ Qxe8 24. Qd1 Qe4 25. Ra3 Nf4 26. f3 Qg6 27. g4 Re8 28. Nf5 Qe6 29. Re3 Qd7 30. Qd4 Nfe6 31. Qxd6 Qxd6 32. Nxd6 Rd8 33. Nc4 h5 34. Be5 h4 35. Bd6 g5 36. Kf2 Nd7 37. Rb3 Ndc5 38. Rb5 Rc8 39. Bxc5 Rxc5 40. Rxc5 Nxc5 41. Ke3 Kf8 42. f4 Ke7 43. fxg5 Ke6 44. Kd4 Nb3+ 45. Kc3 Nc5 46. Kb4 Nd7 47. Ne3 Ke5 48. Nf5 Kf4 49. Nd6 Ne5 50. Nxb7 Nc6+ 51. Kb5 Nxa5 52. Kxa5 Kxg4 53. Nd6 Kxg5 54. h3 f5 55. Kb4 f4 56. Kc3 f3 57. Ne4+ Kf4 58. Kd3 f2 59. Nxf2 Kf3 60. Nh1 Kg2 1/2-1/2

[Event "Osijek-ch op"]
[Site "Osijek"]
[Date "2014.02.20"]
[Round "1"]
[White "Buric, Petar"]
[Black "Djaic, Kristijan"]
[Result "1-0"]
[WhiteElo "2086"]
[BlackElo "1764"]
[PlyCount "99"]
[EventDate "2014.02.20"]
[EventType "swiss"]
[EventRounds "7"]
[EventCountry "CRO"]
[SourceTitle "CBM 159 Extra"]
[Source "ChessBase"]
[SourceDate "2014.04.24"]
[SourceVersion "1"]
[SourceVersionDate "2014.04.24"]
[SourceQuality "1"]

1. d4 d5 2. c4 e6 3. Nc3 f5 4. Nf3 Nf6 5. Bg5 Be7 6. e3 0-0 7. Bd3 c6 8. 0-0 Bd7 9. Qb3 Qb6 10. Qxb6 axb6 11. Ne5 Be8 12. cxd5 cxd5 13. Nb5 Na6 14. a3 h6 15. Bxf6 gxf6 16. Nf3 Bd7 17. Rac1 Rfc8 18. g3 Kg7 19. Nh4 Be8 20. Nc3 Nc7 21. Ne2 b5 22. Nf4 Bf7 23. Rc2 b4 24. axb4 Bxb4 25. Rfc1 Bd6 26. Bxf5 Bxf4 27. gxf4 exf5 28. Nxf5+ Kg6 29. Ne7+ Kh5 30. Nxc8 Na6 31. f3 Be6 32. Nd6 Bh3 33. Kf2 Nb4 34. Rd2 Rg8 35. Rg1 Ra8 36. Nxb7 Ra2 37. Nc5 Bf5 38. Rg7 Kh4 39. e4 Bh3 40. e5 fxe5 41. fxe5 Ra1 42. e6 Rf1+ 43. Ke3 Re1+ 44. Re2 Nc2+ 45. Kd2 Rxe2+ 46. Kxe2 Nxd4+ 47. Kd3 Nxe6 48. Nxe6 Bxe6 49. Rg3 h5 50. Kd4 1-0

[Event "Osijek op"]
[Site "Osijek"]
[Date "2013.02.23"]
[Round "6.13"]
[White "Bertusi, Misel"]
[Black "Buric, Petar"]
[Result "1-0"]
[WhiteElo "1975"]
[BlackElo "2098"]
[PlyCount "71"]
[EventDate "2013.02.21"]
[EventType "swiss"]
[EventRounds "7"]
[EventCountry "CRO"]
[SourceTitle "EXT 2014"]
[Source "ChessBase"]
[SourceDate "2013.11.20"]
[SourceVersion "1"]
[SourceVersionDate "2013.11.20"]
[SourceQuality "1"]

1. e4 d5 2. exd5 Qxd5 3. Nc3 Qd6 4. Nf3 Nf6 5. Be2 c6 6. 0-0 g6 7. d3 Bg7 8. Bg5 0-0 9. Re1 Be6 10. Qd2 Rd8 11. Bf4 Qd7 12. Ng5 Bf5 13. h3 h6 14. Nf3 g5 15. Bg3 Nd5 16. Ne5 Qe8 17. Bh5 Be6 18. Nxd5 Bxd5 19. f4 Bxe5 20. Rxe5 Nd7 21. Ree1 Nf6 22. Qe2 Qd7 23. fxg5 hxg5 24. Be5 Nxh5 25. Qxh5 f6 26. Qg6+ Kf8 27. Bc3 Qd6 28. Rf1 Bf7 29. Qh7 Bg8 30. Qh8 Qc5+ 31. Kh1 Rd6 32. Rae1 Qd5 33. Re5 Qf7 34. Bb4 Re6 35. Rxe6 Qxe6 36. Rxf6+ 1-0

[Event "Osijek op"]
[Site "Osijek"]
[Date "2013.02.22"]
[Round "3.15"]
[White "Buric, Petar"]
[Black "Mandic, Bojan"]
[Result "1/2-1/2"]
[WhiteElo "2098"]
[BlackElo "1958"]
[PlyCount "106"]
[EventDate "2013.02.21"]
[EventType "swiss"]
[EventRounds "7"]
[EventCountry "CRO"]
[SourceTitle "EXT 2014"]
[Source "ChessBase"]
[SourceDate "2013.11.20"]
[SourceVersion "1"]
[SourceVersionDate "2013.11.20"]
[SourceQuality "1"]

1. d4 d5 2. c4 c6 3. Nf3 dxc4 4. e3 b5 5. a4 a6 6. b3 cxb3 7. axb5 cxb5 8. Bxb5+ Bd7 9. Bxd7+ Nxd7 10. Qxb3 e6 11. 0-0 Ngf6 12. Bd2 Bd6 13. Qd3 Qb6 14. Na3 Bxa3 15. Rxa3 0-0 16. Rfa1 Nb8 17. Rb3 Qc6 18. Ne5 Qe4 19. f3 Qxd3 20. Nxd3 Rc8 21. Nc5 Nbd7 22. Rxa6 Rxa6 23. Nxa6 Rc2 24. Rd3 h5 25. e4 Nb6 26. Nb4 Rb2 27. Bc3 Rb3 28. Kf2 Kf8 29. Ke3 Ke8 30. Kf4 Nfd7 31. h4 e5+ 32. Kg5 exd4 33. Bd2 Rxd3 34. Nxd3 f6+ 35. Kg6 Nc4 36. Bb4 Nde5+ 37. Nxe5 fxe5 38. g4 hxg4 39. fxg4 d3 40. Kxg7 d2 41. Bxd2 Nxd2 42. Kf6 Nxe4+ 43. Kxe5 Nf2 44. g5 Kf7 45. h5 Ng4+ 46. Kf5 Ne3+ 47. Kf4 Nd5+ 48. Ke5 Ne7 49. Ke4 Kg7 50. Kf4 Ng8 51. Kf5 Nh6+ 52. Ke6 Ng4 53. Ke7 Nh6 1/2-1/2

[Event "Osijek op"]
[Site "Osijek"]
[Date "2013.02.21"]
[Round "1.24"]
[White "Buric, Petar"]
[Black "Djaic, Kristijan"]
[Result "1-0"]
[WhiteElo "2098"]
[BlackElo "1777"]
[PlyCount "63"]
[EventDate "2013.02.21"]
[EventType "swiss"]
[EventRounds "7"]
[EventCountry "CRO"]
[SourceTitle "EXT 2014"]
[Source "ChessBase"]
[SourceDate "2013.11.20"]
[SourceVersion "1"]
[SourceVersionDate "2013.11.20"]
[SourceQuality "1"]

1. d4 d5 2. c4 c6 3. Nc3 e6 4. Nf3 Nd7 5. e3 Bd6 6. Bd3 Ngf6 7. 0-0 0-0 8. e4 dxe4 9. Nxe4 Nxe4 10. Bxe4 h6 11. Bd2 Nf6 12. Bc2 Re8 13. Bc3 Qc7 14. Qd3 b6 15. Rad1 g6 16. d5 e5 17. dxc6 Bf8 18. Rfe1 Bf5 19. Qe2 Bxc2 20. Qxc2 Bd6 21. Qd2 Rad8 22. Qxh6 Ne4 23. Rxe4 Bf8 24. Qc1 Rxd1+ 25. Qxd1 Qxc6 26. Rxe5 Rxe5 27. Nxe5 Qe4 28. Qd3 Qf4 29. g3 Qc1+ 30. Kg2 Bc5 31. Qd8+ Kh7 32. Nd3 1-0

[Event "CRO-chT2 Ost"]
[Site "Osijek"]
[Date "2012.10.28"]
[Round "11.34"]
[White "Buric, Petar"]
[Black "Sipic, Hrvoje"]
[Result "1/2-1/2"]
[WhiteElo "2113"]
[BlackElo "2209"]
[PlyCount "24"]
[EventDate "2012.04.21"]
[EventType "team-tourn"]
[EventRounds "11"]
[EventCountry "CRO"]
[SourceTitle "EXT 2014"]
[Source "ChessBase"]
[SourceDate "2013.11.20"]
[SourceVersion "1"]
[SourceVersionDate "2013.11.20"]
[SourceQuality "1"]

1. d4 Nf6 2. c4 c5 3. d5 b5 4. cxb5 a6 5. bxa6 Bxa6 6. Nc3 g6 7. g3 Bg7 8. Bg2 d6 9. Nf3 0-0 10. 0-0 Nbd7 11. Qc2 Qb6 12. Rb1 Rfb8 1/2-1/2

[Event "CRO-chT2 Ost"]
[Site "Osijek"]
[Date "2012.10.06"]
[Round "8.64"]
[White "Nikolic, Milenko"]
[Black "Buric, Petar"]
[Result "1-0"]
[WhiteElo "2078"]
[BlackElo "2113"]
[PlyCount "155"]
[EventDate "2012.04.21"]
[EventType "team-tourn"]
[EventRounds "11"]
[EventCountry "CRO"]
[SourceTitle "EXT 2014"]
[Source "ChessBase"]
[SourceDate "2013.11.20"]
[SourceVersion "1"]
[SourceVersionDate "2013.11.20"]
[SourceQuality "1"]

1. c4 Nf6 2. Nc3 e5 3. g3 Bb4 4. Bg2 0-0 5. Nf3 Nc6 6. 0-0 d6 7. a3 Bxc3 8. bxc3 Be6 9. d3 Rb8 10. Rb1 h6 11. e4 Nd7 12. Nh4 f5 13. exf5 Bxf5 14. Nxf5 Rxf5 15. Qg4 Rf6 16. Bd5+ Kh8 17. Be3 Nb6 18. Bg2 Qc8 19. Qh4 Qg8 20. Be4 g5 21. Qg4 Qf7 22. Qh3 Rg8 23. Bxb6 axb6 24. Bd5 Qg6 25. Bxg8 Qxg8 26. f3 Qf8 27. Qg2 Nd8 28. Qe2 Ne6 29. Rbd1 Ng7 30. Qe4 Qc8 31. Kg2 h5 32. h4 Rf5 33. Rh1 Ne8 34. hxg5 Rxg5 35. Qe3 Qf5 36. g4 Nf6 37. Rh4 Kg7 38. Kh1 hxg4 39. Rg1 Rh5 40. Rxh5 Qxh5+ 41. Kg2 Kf7 42. f4 Qf5 43. fxe5 Qxe5 44. Qxe5 dxe5 45. Kg3 e4 46. d4 Ke6 47. Kf4 c6 48. Rb1 b5 49. d5+ cxd5 50. Rxb5 dxc4 51. Rb6+ Ke7 52. Rxb7+ Ke6 53. Rb6+ Ke7 54. Rc6 Nd5+ 55. Kxg4 Nxc3 56. Rxc4 Nb5 57. Rxe4+ Kd6 58. a4 Nc3 59. Rc4 Nd5 60. Rc1 Nc7 61. Kf4 Na6 62. Ke3 Nc5 63. Rc4 Kd5 64. Rb4 Kc6 65. Kd4 Nb7 66. Rb5 Nd6 67. Rb1 Nb7 68. Kc4 Na5+ 69. Kc3 Nb7 70. Rf1 Kb6 71. Kb4 Na5 72. Rf6+ Nc6+ 73. Kc4 Kb7 74. Kc5 Ne5 75. Rh6 Ng4 76. Re6 Nf2 77. Kb5 Nd3 78. Re7+ 1-0

[Event "CRO-chT2 East"]
[Site "Croatia"]
[Date "2011.10.29"]
[Round "11"]
[White "Markotic, Branimir"]
[Black "Buric, Petar"]
[Result "1/2-1/2"]
[WhiteElo "2134"]
[BlackElo "2108"]
[PlyCount "34"]
[EventDate "2011.04.02"]
[EventType "tourn"]
[EventRounds "11"]
[EventCountry "CRO"]
[SourceTitle "EXT 2014"]
[Source "ChessBase"]
[SourceDate "2013.11.20"]
[SourceVersion "1"]
[SourceVersionDate "2013.11.20"]
[SourceQuality "1"]

1. e4 e5 2. Nf3 Nf6 3. Nc3 Nc6 4. d4 exd4 5. Nd5 Nxd5 6. exd5 Bb4+ 7. Bd2 Qe7+ 8. Qe2 Bxd2+ 9. Kxd2 Qxe2+ 10. Bxe2 Ne7 11. d6 cxd6 12. Nxd4 a6 13. Rhe1 0-0 14. Bxa6 Nc6 15. Nxc6 dxc6 16. Bd3 Be6 17. a3 Ra5 1/2-1/2

[Event "CRO-chT2 East"]
[Site "Croatia"]
[Date "2011.04.03"]
[Round "3"]
[White "Buric, Petar"]
[Black "Basrak, Srdjan"]
[Result "0-1"]
[WhiteElo "2108"]
[BlackElo "2260"]
[PlyCount "66"]
[EventDate "2011.04.02"]
[EventType "tourn"]
[EventRounds "11"]
[EventCountry "CRO"]
[SourceTitle "EXT 2014"]
[Source "ChessBase"]
[SourceDate "2013.11.20"]
[SourceVersion "1"]
[SourceVersionDate "2013.11.20"]
[SourceQuality "1"]

1. d4 f5 2. g3 Nf6 3. Bg2 e6 4. c4 Be7 5. Nc3 0-0 6. Nf3 d6 7. 0-0 c6 8. Qc2 Qe8 9. b4 e5 10. Rb1 e4 11. Nd2 g5 12. f4 Qh5 13. Nb3 gxf4 14. Bxf4 Nbd7 15. c5 d5 16. a4 Ng4 17. h3 Ndf6 18. Qc1 Rf7 19. Rd1 Rg7 20. hxg4 Nxg4 21. e3 Bg5 22. Qd2 Bxf4 23. gxf4 Qh2+ 24. Kf1 Nxe3+ 25. Qxe3 Qxg2+ 26. Ke1 Rg3 27. Qf2 Qxf2+ 28. Kxf2 Rxc3 29. b5 cxb5 30. Rg1+ Kf8 31. axb5 Rf3+ 32. Ke2 Rxf4 33. Na5 Rg4 0-1

[Event "CRO-chT2 East"]
[Site "Croatia"]
[Date "2011.04.02"]
[Round "1"]
[White "Aleksic, Robert"]
[Black "Buric, Petar"]
[Result "1-0"]
[WhiteElo "2201"]
[BlackElo "2108"]
[PlyCount "61"]
[EventDate "2011.04.02"]
[EventType "tourn"]
[EventRounds "11"]
[EventCountry "CRO"]
[SourceTitle "EXT 2014"]
[Source "ChessBase"]
[SourceDate "2013.11.20"]
[SourceVersion "1"]
[SourceVersionDate "2013.11.20"]
[SourceQuality "1"]

1. e4 e5 2. Nf3 Nf6 3. Nc3 Nc6 4. d4 exd4 5. Nxd4 Bb4 6. Nxc6 bxc6 7. Bd3 d5 8. exd5 cxd5 9. 0-0 0-0 10. Bg5 Bxc3 11. bxc3 h6 12. Bh4 Qd6 13. Re1 Bg4 14. Qd2 Rfe8 15. h3 Bd7 16. Bg3 Qc5 17. Be5 Re6 18. Bd4 Qe7 19. Rxe6 fxe6 20. Qe3 a6 21. Re1 Kf7 22. c4 c6 23. Qg3 dxc4 24. Bxf6 Qxf6 25. Bxc4 Qd4 26. Bb3 Re8 27. Qf3+ Qf6 28. Qd3 Bc8 29. Qc4 Bb7 30. Re3 Qe7 31. Rxe6 1-0

[Event "Osijek op"]
[Site "Osijek"]
[Date "2010.01.30"]
[Round "8"]
[White "Buric, Petar"]
[Black "Babic, Radoslav"]
[Result "1/2-1/2"]
[WhiteElo "2117"]
[BlackElo "2122"]
[PlyCount "101"]
[EventDate "2010.01.23"]
[EventType "swiss"]
[EventRounds "9"]
[EventCountry "CRO"]
[SourceTitle "CBM 134 Extra"]
[Source "ChessBase"]
[SourceDate "2010.03.03"]
[SourceVersion "1"]
[SourceVersionDate "2010.03.03"]
[SourceQuality "1"]

1. e4 e5 2. Nf3 Nf6 3. Nxe5 d6 4. Nf3 Nxe4 5. d4 d5 6. Bd3 Bd6 7. 0-0 0-0 8. c4 Be6 9. Re1 f5 10. Qb3 c6 11. c5 Be7 12. Qxb7 Bxc5 13. Bxe4 dxe4 14. Ng5 Qxd4 15. Be3 Qb4 16. Qxb4 Bxb4 17. Nxe6 Bxe1 18. Nxf8 Kxf8 19. Bc5+ Kf7 20. Na3 Ba5 21. Nc4 Bc7 22. Rd1 a6 23. Nd6+ Ke6 24. Ne8 Be5 25. Bd4 Nd7 26. Nxg7+ Bxg7 27. Bxg7 Rb8 28. Kf1 Nc5 29. Rc1 Kd5 30. b3 a5 31. Rc4 Rb4 32. Rc2 a4 33. Bf8 Rb5 34. Bxc5 axb3 35. axb3 Rxc5 36. Rd2+ Ke5 37. Rd7 Rb5 38. Rxh7 Rxb3 39. Rh5 c5 40. g4 c4 41. Rxf5+ Kd4 42. Rf8 c3 43. Rd8+ Ke5 44. Rc8 Kf4 45. h3 Rb1+ 46. Ke2 Rb2+ 47. Kd1 Rxf2 48. Rxc3 Rh2 49. Rc8 Rxh3 50. Ke1 Kxg4 51. Ke2 1/2-1/2

[Event "Osijek op"]
[Site "Osijek"]
[Date "2010.01.27"]
[Round "5"]
[White "Buric, Petar"]
[Black "Zorman, Antun"]
[Result "1-0"]
[WhiteElo "2117"]
[BlackElo "1999"]
[PlyCount "41"]
[EventDate "2010.01.23"]
[EventType "swiss"]
[EventRounds "9"]
[EventCountry "CRO"]
[SourceTitle "CBM 134 Extra"]
[Source "ChessBase"]
[SourceDate "2010.03.03"]
[SourceVersion "1"]
[SourceVersionDate "2010.03.03"]
[SourceQuality "1"]

1. e4 d6 2. d4 Nd7 3. Nc3 e5 4. Nf3 exd4 5. Qxd4 Ne7 6. Bg5 f6 7. Be3 Nc5 8. Qb4 b6 9. 0-0-0 Be6 10. e5 d5 11. exf6 a5 12. fxe7 Bxe7 13. Bb5+ Kf8 14. Qf4+ Kg8 15. Bc6 Bd6 16. Qh4 Be7 17. Bg5 Bxg5+ 18. Qxg5 Rb8 19. Nxd5 Qxg5+ 20. Nxg5 h6 21. Ne7+ 1-0